000 01052cam a22003011 4500
001 30076
003 BD-RjUL
005 20211209051516.0
008 140408r19381912nyu 001 0 eng d
035 _a(BD-RjUL)30161
035 _a(OCoLC)1338611
040 _aDLC
_cTxU-Da
_dDLC
_dBD-RjUL
_beng
041 _aeng
082 _a160
_bCOS V-2 1938
100 1 _aCoffey, P.
_q(Peter),
_d1876-1943.
_991465
245 1 4 _aThe science of logic :
_ban inquiry into the principles of accurate thought and scientific method /
_cby P. Coffey.
_nVol II :
_pMethod, Science and Certitude
260 _aNew York :
_bP. Smith,
_c1912 [reprinted 1938]
300 _a359 p. :
_bill. ;
_c24 cm.
500 _a"First published, 1912; reprinted 1938."
504 _aIncludes Index
505 0 _aI. Conception, judgment, and inference.--II. Method, science, and certitude.
650 0 _aLogic.
_991466
650 0 _aThought and thinking.
_991467
650 0 _aScience
_xMethodology.
_991468
942 _2ddc
_cBK
999 _c30076
_d30076